LIBRARY & INFORMATION CENTRE, KCAET, TAVANUR

ONLINE PUBLIC ACCESS CATALOGUE (OPAC)

Diary of Samuel Pepys, Vol 1 / (Record no. 797)

MARC details
000 -LEADER
fixed length control field 00477cam a2200181ua 4500
041 ## - LANGUAGE CODE
Language code of text/sound track or separate title eng
082 ## - DEWEY DECIMAL CLASSIFICATION NUMBER
Classification number 920
Item number PEP/DI
100 ## - MAIN ENTRY--AUTHOR NAME
Personal name Pepys, Samuel .
245 ## - TITLE STATEMENT
Title Diary of Samuel Pepys, Vol 1 /
260 ## - PUBLICATION, DISTRIBUTION, ETC. (IMPRINT)
Place of publication London :
Name of publisher J M Dent and Sons Ltd ,
Year of publication 1959.
300 ## - PHYSICAL DESCRIPTION
Number of Pages 507 ; .
490 0# - SERIES STATEMENT
Series statement Everyman`s Library,
Volume number/sequential designation 53
942 ## - ADDED ENTRY ELEMENTS (KOHA)
Koha item type Books
Holdings
Withdrawn status Lost status Damaged status Home library Current library Date acquired Full call number Accession Number Koha item type
Withdrawn     KAUAET Sanskrit University 07/04/2012 920 4484 Books
Withdrawn     KAUAET Sanskrit University 07/04/2012 920 4483 Books
Withdrawn     KAUAET Sanskrit University 14/11/2023 920 PEP/DI 4485 Books
free website counter